Dependency and development : an introduction to the Third World

Αποθηκεύτηκε σε:
Λεπτομέρειες βιβλιογραφικής εγγραφής
Κύριος συγγραφέας: Lewellen, Ted C. 1940-
Μορφή: Βιβλίο
Γλώσσα:English
Δημοσίευση: London : Bergin & Garvey, c1995
Θέματα:
Ετικέτες: Προσθήκη ετικέτας
Δεν υπάρχουν, Καταχωρήστε ετικέτα πρώτοι!

MARC

LEADER 00000nam a2200000 i 4500
001 1/94570
008 991126s1995 eng d
020 |a 0-89789-400-6 
035 |l 10054877 
040 |a GR-MY-UA  |b gre  |e aacr 
041 0 |a eng 
082 0 |a 337.091724 
100 1 |a Lewellen, Ted C.  |d 1940- 
245 1 0 |a Dependency and development :  |b an introduction to the Third World /  |c Ted C. Lewellen 
260 |a London :   |b Bergin & Garvey,   |c c1995 
300 |a 272 p.  |b fig.; tabl. 
504 |a Includes bibliographical references and index 
650 0 0 |a Sustainable development  |z Developing countries. 
651 0 |a Developing countries  |x Dependency on foreign countries. 
651 0 |a Developing countries  |x Politics and government. 
852 |a INST  |b LESVOS  |e 19991126  |h 337.091724 LEW  |p 005100022070  |q 005100022070  |t BK  |y 0 
901 |a BIBL1-2000-1 
909 |a Λ  |b 070192 
922 |a 1ΕΛΗ  |b 199911  |c ΚΠΣ/ΤΓ  |d LEADER 
950 |a 118-1999-09-03 
970 |a ΜΟΥΣΤΑΚΑ  |b ΠΗΝΕΛΟΠΗ  |z 2000/01/25